[Event "Konjic op 12th"]
[Site "Konjic"]
[Date "2023.03.03"]
[Round "4"]
[White "Spahiu, Mikael"]
[Black "Dzafic, Jakub"]
[Result "0-1"]
[WhiteElo "1258"]
[BlackElo "1841"]
[PlyCount "67"]
[EventDate "2023.03.01"]
[EventType "swiss"]
[EventRounds "7"]
[EventCountry "BIH"]
[SourceTitle "CBM 213 Extra"]
[Source "ChessBase"]
[SourceDate "2023.05.31"]
[SourceVersion "1"]
[SourceVersionDate "2023.05.31"]
[SourceQuality "1"]

1. d4 d5 2. c4 c6 3. cxd5 cxd5 4. Nc3 Nf6 5. Bf4 a6 6. Nf3 Nc6 7. e3 b5 8. a3 Bb7 9. Bd3 Rc8 10. Rc1 g6 11. 0-0 Bg7 12. Re1 0-0 13. h3 e6 14. Ne5 Nd7 15. Nxc6 Bxc6 16. Na2 e5 17. dxe5 Nxe5 18. Nb4 Bb7 19. Rxc8 Qxc8 20. Qd2 Nc4 21. Bxc4 dxc4 22. Rd1 a5 23. Nd5 Qe6 24. Nc7 Qc6 25. Nd5 Qxd5 26. Qxd5 Bxd5 27. Rxd5 Bxb2 28. Rxb5 Bxa3 29. Rxa5 Be7 30. Ra7 Bf6 31. Rc7 c3 32. e4 g5 33. Bxg5 Bxg5 34. Rxc3 0-1

[Event "Ohrid Lasker U20 op"]
[Site "Ohrid"]
[Date "2019.10.11"]
[Round "4"]
[White "Kalin, Andrei"]
[Black "Spahiu, Mikael"]
[Result "1/2-1/2"]
[WhiteElo "1288"]
[BlackElo "1196"]
[PlyCount "72"]
[EventDate "2019.10.10"]
[EventType "swiss"]
[EventRounds "7"]
[EventCountry "MKD"]
[SourceTitle "CBM 192 Extra"]
[Source "Chessbase"]
[SourceDate "2019.11.06"]
[SourceVersion "1"]
[SourceVersionDate "2019.11.06"]
[SourceQuality "1"]

1. e4 c6 2. d4 d5 3. exd5 cxd5 4. Bd3 Nc6 5. c3 Nf6 6. h3 g6 7. Qc2 Bg7 8. Bf4 0-0 9. Nf3 Re8 10. 0-0 Nh5 11. Bh2 e5 12. dxe5 Nxe5 13. Nxe5 Bxe5 14. Bxe5 Rxe5 15. Nd2 Ng7 16. Nf3 Rh5 17. Rfe1 Qf6 18. Qe2 Ne6 19. Qe3 Ng5 20. Nxg5 Qxg5 21. Qxg5 Rxg5 22. Re8+ Kg7 23. Kf1 f6 24. Rae1 Re5 25. R1xe5 fxe5 26. Bb5 b6 27. Bc6 Ba6+ 28. Ke1 Rxe8 29. Bxe8 Kf6 30. Bc6 Ke6 31. g3 Bc8 32. h4 Bd7 33. Bxd7+ Kxd7 34. Kd2 Ke6 35. Ke3 Kf5 36. Kf3 h5 1/2-1/2

[Event "Ohrid Lasker U20 op"]
[Site "Ohrid"]
[Date "2019.10.11"]
[Round "3"]
[White "Spahiu, Mikael"]
[Black "Zhezhovska, Monika"]
[Result "1-0"]
[WhiteElo "1196"]
[BlackElo "1008"]
[PlyCount "47"]
[EventDate "2019.10.10"]
[EventType "swiss"]
[EventRounds "7"]
[EventCountry "MKD"]
[SourceTitle "CBM 192 Extra"]
[Source "Chessbase"]
[SourceDate "2019.11.06"]
[SourceVersion "1"]
[SourceVersionDate "2019.11.06"]
[SourceQuality "1"]

1. e4 c5 2. Nc3 d6 3. f4 Nc6 4. Nf3 Bg4 5. Bb5 e6 6. h3 Bxf3 7. Qxf3 Nge7 8. d3 g6 9. g4 f5 10. Bd2 Bg7 11. 0-0-0 0-0 12. Bxc6 Nxc6 13. Ne2 Qb6 14. c3 a5 15. Kc2 a4 16. Rb1 Qa6 17. Kd1 c4 18. d4 a3 19. b3 cxb3 20. axb3 a2 21. Ra1 Qa3 22. Kc2 Na5 23. Nc1 b5 24. Rxa2 1-0